A COURSE IN ENGLISH LANGUAGE AND LITERATURE (Record no. 173710)
[ view plain ]
| 000 -LEADER | |
|---|---|
| fixed length control field | 00522nam a2200181Ia 4500 |
| 003 - CONTROL NUMBER IDENTIFIER | |
| control field | OSt |
| 005 - DATE AND TIME OF LATEST TRANSACTION | |
| control field | 20260204102054.0 |
| 020 ## - INTERNATIONAL STANDARD BOOK NUMBER | |
| International Standard Book Number | 0-7131-8268-7 |
| 040 ## - CATALOGING SOURCE | |
| Transcribing agency | LIBRARY OF CONGRESS |
| 050 ## - LIBRARY OF CONGRESS CALL NUMBER | |
| Classification number | PE 1128 .L681986 C.1 |
| 100 ## - MAIN ENTRY--PERSONAL NAME | |
| Personal name | LOTT, BERNARD |
| 245 #0 - TITLE STATEMENT | |
| Title | A COURSE IN ENGLISH LANGUAGE AND LITERATURE |
| 260 ## - PUBLICATION, DISTRIBUTION, ETC. | |
| Place of publication, distribution, etc. | AUSTRALIA |
| Name of publisher, distributor, etc. | EDWARD ARNOLD PTY LTD |
| Date of publication, distribution, etc. | 1986 |
| 300 ## - PHYSICAL DESCRIPTION | |
| Extent | VIII,175P. |
| 500 ## - GENERAL NOTE | |
| General note | INCLUDES INDEX |
| 600 ## - SUBJECT ADDED ENTRY--PERSONAL NAME | |
| Personal name | 1. ENGLISH LITERATURE--STUDY AND TEACHING 2. ENGLISH LANGUAGE--RHETORIC |
| 942 ## - ADDED ENTRY ELEMENTS (KOHA) | |
| Koha item type | Long Loan Book |
| Source of classification or shelving scheme | Library of Congress Classification |
| Withdrawn status | Lost status | Source of classification or shelving scheme | Damaged status | Not for loan | Collection | Home library | Current library | Shelving location | Date acquired | Inventory number | Total checkouts | Full call number | Barcode | Date last seen | Copy number | Price effective from | Koha item type |
|---|---|---|---|---|---|---|---|---|---|---|---|---|---|---|---|---|---|
| Library of Congress Classification | Arts & Social Sciences | Kisii University Library | Kisii University Library | On Display | 05/20/2024 | 03683 | PE 1128 .L68 1986 | 000000004028 | 05/20/2024 | 1 | 05/20/2024 | Long Loan Book | |||||
| Library of Congress Classification | Arts & Social Sciences | Kisii University Library | Kisii University Library | On Display | 05/21/2024 | 34179 | PE 1128 .L68 1986 | 048238 | 05/21/2024 | 3 | 05/21/2024 | Long Loan Book | |||||
| Library of Congress Classification | Arts & Social Sciences | Kisii University Library | Kisii University Library | On Display | 05/21/2024 | 20856 | PE 1128 .L68 1986 | 048204 | 05/21/2024 | 2 | 05/21/2024 | Long Loan Book |